Cinco años de educación en la revolución 1979-1984
| 団体著者: | |
|---|---|
| フォーマット: | 図書 |
| 言語: | スペイン語 |
| 出版事項: |
León, Nicaragua :
El Ministerio,
1984
|
| 主題: |
MARC
| LEADER | 00000nam a2200000Ia 4500 | ||
|---|---|---|---|
| 008 | 180227b1984 nq ||||| |||| 00| | spa d | ||
| 999 | |c 1568 |d 1568 | ||
| 090 | |a 06.02.01 |b 690 | ||
| 110 | 1 | |a Nicaragua. Ministerio de Educación |9 3418 | |
| 245 | 1 | 0 | |a Cinco años de educación en la revolución 1979-1984 |
| 260 | |a León, Nicaragua : |b El Ministerio, |c 1984 | ||
| 300 | |a 371 páginas | ||
| 650 | 1 | 4 | |a EDUCACIÓN |9 1 |
| 650 | 1 | 4 | |a SISTEMAS DE ENSEÑANZA |9 401 |
| 650 | 1 | 4 | |a DESARROLLO DE LA EDUCACIÓN |9 24 |
| 942 | |i 001113 |h 06.02.01 690 |2 z |c 01 | ||
